| 000 | 00771nam a2200265 a 4500 | ||
|---|---|---|---|
| 003 | AR-BaBNM | ||
| 005 | 20251128203253.0 | ||
| 008 | 082120s2002 ||||||||||||||000 | spa|| | ||
| 040 | _cAR-BaBNM | ||
| 100 | 1 | _aLértora Mendoza, Celina Ana | |
| 245 | 0 | 0 |
_aLa enseñanza de la filosofía en tiempos de la colonia _banálisis de cursos manuscritos |
| 260 |
_aBuenos Aires _bFundación para la Educación, la Ciencia y la Cultura _c1979 |
||
| 300 | _a381 p. | ||
| 500 | _aContiene referencias bibliográficas en p. 375 | ||
| 650 | 4 | _aFILOSOFOS | |
| 650 | 4 | _aBIOGRAFIAS | |
| 650 | 4 | _aFILOSOFIA DE LA EDUCACION | |
| 650 | 4 | _aLOGICA | |
| 650 | 4 | _aETICA | |
| 650 | 4 | _aMETAFISICA | |
| 650 | 4 | _aPALEOGRAFIA | |
| 651 | 4 | _aArgentina | |
| 942 | _cBK | ||
| 998 | _cMARTIN | ||
| 999 |
_c2645 _d2645 |
||